Countries Evanna Lynch has Visited - Statistics

General Stats
  • This quiz has been taken 9 times
  • The average score is 11 of 12
Answer Stats
Continent Country % Correct
South America Argentina
100%
Oceania Australia
100%
Europe France
100%
Europe Germany
100%
Europe Ireland
100%
Europe United Kingdom
100%
North America United States of America
100%
Europe Belgium
89%
Europe Portugal
89%
South America Colombia
78%
Europe Netherlands
78%
Europe Sweden
78%
No matching quizzes found
Score Distribution
Percent of People with Each Score
Percentile by Number Answered
Your Score History
You have not taken this quiz